| 000 | 00578nam a2200181 i 4500 | ||
|---|---|---|---|
| 001 | 59427 | ||
| 003 | ES-MaACL | ||
| 005 | 20230906164029.0 | ||
| 007 | t| | ||
| 008 | 031029s1967 sp ||||1| spa d | ||
| 110 | 2 |
_aMovimiento Familiar Cristiano (España) _9171904 |
|
| 245 | 1 | 0 |
_aEncuentro conyugal : _bpauta y guiones para el equipo organizador. |
| 250 | _a1ª ed. | ||
| 260 |
_a[Barcelona : _bMovimiento Familiar Cristiano], _c1967. |
||
| 300 |
_a69 p. ; _c22 cm. |
||
| 650 | 4 |
_aMatrimonio- _xAspectos religiosos- _xIglesia Católica. _9165939 |
|
| 852 |
_aES-MaACL _jC-33758 |
||
| 999 |
_c59427 _d59427 |
||